00690nam a2200241 a 4500001001300000003000900013005001700022008004100039020000800080082001600088100002400104245002400128260003800152300000800190500003500198505002400233650001200257700002400269902000800293942000700301952012500308999001500433nice12345678IN_TiNIC20260116012700.0050524s1982 dela grp 000 0 eng  ac700a297.53bZAK aZakariyya, Muhammad aVirtues of Ramadhan aDelhibIslamic Book Servicec1982 a79p aincludes index and biblioraphy2 aBibliography, Index aRamadan1 aZakariyya, Muhammad bSRS cBK 001040708StackRoom-aHMIbHMId2007-07-05g7.00l2o297.53 ZAKp011240r2018-06-27s2018-06-26v7.00w2005-05-24yBK c7929d7929